Statistics for Voweless Countries of the world Vol.2

Click here to take the quiz!

General Stats

  • This quiz has been taken 25 times
  • The average score is 11 of 12

Answer Stats

VowelessCountry% Correct
MxcMexico
100%
NrwyNorway
100%
Sth KrSouth Korea
100%
Sr LnkSri Lanka
100%
TwnTaiwan
100%
BngldshBangladesh
96%
PhlppnsPhilippines
96%
Sn MrnSan Marino
96%
St VnctSt Vincent
92%
SrnmSuriname
83%
Srr LnSierra Leone
79%
TnsTunisia
71%

Score Distribution

Percentile by Number Answered

Percent of People with Each Score

Your Score History

You have not taken this quiz